Encuesta Nacional de Hogares julio 2012: Resultados generales
Guardat en:
| Format: | Text |
|---|---|
| Etiquetes: |
Afegir etiqueta
Sense etiquetes, Sigues el primer a etiquetar aquest registre!
|
MARC
| LEADER | 00000 a a2200000 04500 | ||
|---|---|---|---|
| 001 | 46201 | ||
| 003 | |||
| 040 | |||
| 245 | |a Encuesta Nacional de Hogares julio 2012: |b Resultados generales | ||
| 773 | |g volumen1, número3 (2012), 99 páginas : tablas, gráficos | ||
| 999 | |c 25240 |d 25240 | ||
